01155nam a2200289 i 4500001000700000003000700007005001700014008004100031020001800072080001800090080002000108080002200128100003000150245014800180250003000328260005500358300002200413490007100435650004200506650005200548700003700600700002500637852005300662942000800715999001900723952012300742186112SpMaBN20250912063057.0160909s1989 mx |||| |dspa d a84-375-0106-7 a929 Juan, Don a299.7(=822.245) a615.214:159.961.21 aCastaneda, Carlos.93639414aLas enseñanzas de Don Juan b: una forma yaqui de conocimiento /cCarlos Castaneda ; prólogo de Octavio Paz ; [traducción de Juan Tovar]. a18ª reimp., en España. aMéxico : bFondo de Cultura Económica, c1989. a301 p. ; c17 cm.1 aColección popular (Fondo de Cultura Económica) ; v1269241328 7aYaquis (Indios)-xReligión.9159835 7aAlucinógenos y experiencia religiosa.91566271 aPaz, Octavio, d1914-19989897531 aTovar, Juan.9111169 aES-MaACLjL-30657 z. - Donat. Miguel A. Velasco 2udc c186112d186112 00104070aATENEOMbATENEOMcDEPO2d2016-09-09eDONl0oL-30657p1196219r2023-02-23 00:00:00w2023-02-23yMONOGRAFIA